000
002910000a22000970004500
100
1
_a
Baer, David
245
1
0
_a
My student, my friend : José Siles mirrors what ESEPA is all about
300
_a
Vol. 73, Num 2 (Abril-Junio, 1993), Página 15
773
0
_t
Latin America Evangelist
942
_c
ANA
999
_c
54715
_d
54715